000 00604nam a22001817a 4500
005 20251108172550.0
008 250721s1998 xx 000 0 ara d
082 1 4 _a327.17/طلع
100 1 _aطلعت، عبدالمنعم
_eمؤلف
245 1 0 _aإدارة المستقبل : الترتيبات الآسيوية في النظام العالمي الجديد /
264 1 _aالقاهرة :
_c1998.
300 _a279 ص.
650 1 7 _aالتاريخ السياسي
650 1 7 _aالنظام العالمي الجديد
650 1 7 _aتاريخ آسيا
942 _2ddc
_cBK
999 _c82694
_d82694